O gato Malhado e a andorinha Sinhá: (Record no. 469)

MARC details
000 -LÍDER
campo de controle de tamanho fixo 02295nam a22002774a 4500
001 - NÚMERO DE CONTROLE
campo de controle 469
003 - IDENTIFICADOR DO NÚMERO DE CONTROLE
campo de controle OSt
005 - DATA E HORÁRIO DA ÚLTIMA TRANSAÇÃO
campo de controle 20250902075710.0
008 - CAMPO DE DADOS FIXOS--INFORMAÇÃO GERAL
campo de controle de tamanho fixo 250902b |||||||| |||| 00| 0 eng d
040 ## - FONTE DA CATALOGAÇÃO
Idioma da catalogação por
041 ## - CÓDIGO DE IDIOMA
Código do idioma do original e/ou traduções intermediárias do texto por
082 04 - CDD - CLASSIFICAÇÃO DECIMAL DE DEWEY
Número de Classificação 028.5
Número do exemplar A481g
100 1# - ENTRADA PRINCIPAL--NOME PESSOAL
Nome pessoal Amado, Jorge,
Datas associadas ao nome 1912-2001
9 (RLIN) 1010
245 12 - TÍTULO
Título O gato Malhado e a andorinha Sinhá:
Restante do título uma história de amor /
Indicação de responsabilidade, etc. Jorge Amado ; [iluminuras e ilustrações de Carybé]. -
250 ## - EDIÇÃO
Declaração de edição 40. ed. -
260 ## - PUBLICAÇÃO, DISTRIBUIÇÃO, ETC.
Local de publicação, distribuição, etc. Rio de Janeiro :
Nome do editor, distribuidor, etc. Record,
Data da publicação, distribuição, etc. 2002.
300 ## - DESCRIÇÃO FÍSICA
Extensão 55p. :
Outros detalhes físicos il. ;
520 ## - NOTA DE RESUMO, ETC.
Resumo, etc. O temperamento do Gato Malhado não era nada bom: bastava aparecer no parque para todos fugirem às pressas. E ele não se importava mesmo com os outros, ia tocando a vida com a indiferença habitual. Até que, chegada certa primavera, o Gato nota que a Andorinha Sinhá não tem receio algum dele. Foi o suficiente para que dali nascesse a amizade dos dois, que se aprofunda com o tempo. No outono, os bichos já viam o Gato com outros olhos, achando que talvez ele não fosse tão ruim e perigoso, uma vez que passara toda a primavera e o verão sem aprontar. Durante esse tempo, até soneto o Gato escreveu. E confessou à Andorinha: "Se eu não fosse um gato, te pediria para casares comigo". Mas o amor entre os dois é proibido, não só porque o Gato é visto com desconfiança, mas também porque a Andorinha está prometida ao Rouxinol. Jorge Amado colheu a história desse amor impossível de uma trova do poeta Estêvão da Escuna, que a costumava recitar no Mercado das Sete Portas, em Salvador, e a colocou no papel com o tom fabular dos contos infanto-juvenis em 1948, quando vivia em Paris. Não era uma história para ser publicada em livro, mas um presente para o filho, João Jorge, que completava um ano de idade. Guardado entre as coisas do menino, o texto só foi reencontrado em 1976. João Jorge entregou então a narrativa a Carybé, que ilustrou as páginas datilografadas. Jorge Amado deu-se por vencido: o livro foi publicado no mesmo ano. O texto foi adaptado mais tarde para teatro e balé.<br/>
650 #0 - ASSUNTO--TERMO TÓPICO
Cabeçalho tópico ou nome geográfico Literatura Brasileira
9 (RLIN) 205
650 #0 - ASSUNTO--TERMO TÓPICO
Cabeçalho tópico ou nome geográfico Infantojuvenil
9 (RLIN) 200
650 #0 - ASSUNTO--TERMO TÓPICO
Cabeçalho tópico ou nome geográfico Fantasia
9 (RLIN) 45
655 #0 - TERMO DE ÍNDICE--GÊNERO E FORMA
Gênero/forma/ou termo foco Romance
655 #0 - TERMO DE ÍNDICE--GÊNERO E FORMA
Gênero/forma/ou termo foco Ficção
700 0# - ENTRADA ADICIONADA - NOME PESSOAL
Nome pessoal Carybé,
Datas associadas ao nome 1911-1997
9 (RLIN) 1011
942 ## - ELEMENTOS DE ENTRADA ADICIONADOS (KOHA)
Fonte de classificação ou esquema de arquivamento Classificação decimal de Dewey
Ocultar no OPAC Não
Tipo de material Koha Livros
Holdings
Situação do descarte Situação das perdas Fonte de classificação ou esquema de arquivamento Status danificado Não pode ser emprestado Coleção Biblioteca de origem Biblioteca atual Localização na estante Data de aquisição Fonte de aquisição Total de empréstimos Número de chamada completo Código de barras Data de último acesso Data do preço efetivo Tipo de material Koha
    Classificação decimal de Dewey     Ficção Biblioteca Professor Eduardo Afonso de Castro Biblioteca Professor Eduardo Afonso de Castro Infanto Juvenil 02.09.2025 doação   028.5 / A481g 2025-17399 01.09.2025 02.09.2025 Livros

Powered by Koha